Návrh implementácie controllingu nákladov ako projekt v podniku Miroslav Duga – FLAMEART, Bratislava

Guardado en:
Detalles Bibliográficos
Autor principal: Maliariková, Miroslava, 1986- (Autor)
Otros Autores: Bestvinová, Viera, 1958- (Orientador)
Formato: Manuscrito Libro
Lenguaje:eslovaco
Publicado: STU v Bratislave MTF UPMK, 2010
Materias:
Acceso en línea:VAIS
Etiquetas: Agregar Etiqueta
Sin Etiquetas, Sea el primero en etiquetar este registro!

MARC

LEADER 00000ntm a22000003a 4500
001 stu206388
005 20250624134435.7
008 100703s2010------------------------slo-d
040 |a STU  |b slo 
041 0 |a slo 
100 1 |a Maliariková, Miroslava,  |d 1986-  |4 aut  |X 24614  |7 A000024614 
242 0 0 |a Proposal of project for implementation fo cost controlling in the company Miroslav Duga – FLAMEART, Bratislava  |y eng 
245 1 |a Návrh implementácie controllingu nákladov ako projekt v podniku Miroslav Duga – FLAMEART, Bratislava 
260 |b STU v Bratislave MTF UPMK,  |c 2010 
650 7 |a controlling  |2 estusub 
650 7 |a controlling nákladov  |2 stusub 
700 1 |a Bestvinová, Viera,  |d 1958-  |4 ths  |u M4000  |U MTF Materiálovotechnologická fakulta  |T MTF Ústav priemyselného inžinierstva a manažmentu  |X 1541  |U M4000  |Y 84  |7 A000001541 
856 4 |a info a plný text  |u http://is.stuba.sk/zp/portal_zp.pl?podrobnosti=58233  |3 VAIS 
996 |c M*DP-9420  |l MMSKP  |s P  |a 0  |w stu206388_0001